UK Residential Market Survey (Record no. 122031)

MARC details
000 -LEADER
fixed length control field 01198nam a22002057a 4500
008 - FIXED-LENGTH DATA ELEMENTS--GENERAL INFORMATION
fixed length control field 241018e20241010xxk|||||o|||| 00| 0 eng d
041 ## - LANGUAGE CODE
Language code of text/sound track or separate title eng
110 ## - MAIN ENTRY--CORPORATE NAME
Corporate author Royal Institution of Chartered Surveyors
245 ## - TITLE STATEMENT
Title UK Residential Market Survey
Subtitle September 2024
Medium [Electronic resource]
260 ## - PUBLICATION INFORMATION
Place of publication London,
Publisher Royal Institution of Chartered Surveyors,
Date October 2024
300 ## - PHYSICAL DESCRIPTION
Physical description 17p
490 ## - SERIES TITLE
Series statement RICS UK Residential Market Survey
520 ## - ABSTRACT
Abstract The September 2024 RICS Residential Survey <br/>results point to a sustained improvement in <br/>market activity, with measures of demand, sales <br/>and new listings all continuing to return positive <br/>readings. Moreover, forward-looking sentiment is <br/>consistent with further modest growth in headline <br/>sales volumes over the coming months, while <br/>expectations for the year ahead are also firmly in <br/>expansionary territory.
650 ## - KEYWORDS
Keywords HOUSING MARKET
650 ## - KEYWORDS
Keywords RESIDENTIAL PROPERTY
651 ## - SUBJECT ADDED ENTRY--GEOGRAPHIC NAME
Geographic name United Kingdom
710 ## - ADDED CORPORATE NAME
Added corporate author Royal Institution of Chartered Surveyors
856 ## - ONLINE RESOURCE
Uniform Resource Identifier <a href="https://www.rics.org/content/dam/ricsglobal/documents/market-surveys/September_2024_RICS_UK_Residential_Market_Survey.pdf">https://www.rics.org/content/dam/ricsglobal/documents/market-surveys/September_2024_RICS_UK_Residential_Market_Survey.pdf</a>
Public note Available free on RICS.org
942 ## - ADDED ENTRY ELEMENTS (KOHA)
Suppress in OPAC Do not suppress in OPAC

No items available.